Statystyki dla Obecne terytoria zależne

Kliknij tutaj aby rozwiązać quiz!

Ogólne statystyki

  • Ten quiz został rozwiązany 5 razy
  • Średni wynik to 34 z 70

Statystyki odpowiedzi

Do kogo należyNazwa% Poprawnych
DaniaGrenlandia
100%
FrancjaMartynika
100%
FrancjaSaint Martin
100%
NorwegiaSvalbard
100%
DaniaWyspy Owcze
100%
HolandiaAruba
80%
Wielka BrytaniaBermudy
80%
HolandiaCuracao
80%
Wielka BrytaniaFalklandy
80%
USAGuam
80%
FrancjaGwadelupa
80%
NorwegiaJan Mayen
80%
FrancjaMajotta
80%
Wielka BrytaniaMan
80%
USAMariany Północne
80%
USAMidway
80%
FrancjaSaint Barthelemy
80%
FrancjaTahiti
80%
Wielka BrytaniaWyspa Świętej Heleny
80%
Wielka BrytaniaBrytyjskie Terytorium Oceanu Indyjskiego
60%
Wielka BrytaniaBrytyjskie Wyspy Dziewicze
60%
FrancjaFrancuskie Terytoria Południowe I Antarktyczne
60%
Wielka BrytaniaGeorgia Południowa I Sandwich Południowy
60%
FrancjaGujana Francuska
60%
Wielka BrytaniaJersey
60%
Wielka BrytaniaKajmany
60%
Nowa ZelandiaNiue
60%
Wielka BrytaniaPitcairn
60%
USAPortoryko
60%
FrancjaSaint Pierre I Miquelon
60%
USASamoa Amerykańskie
60%
HolandiaSint Maarten
60%
FrancjaWallis I Futuna
60%
AustraliaWyspa Bożego Narodzenia
60%
Nowa ZelandiaWyspy Cooka
60%
Wielka BrytaniaAkrotiri
40%
USAAmerykańskie Wyspy Dziewicze
40%
Wielka BrytaniaAnguilla
40%
Wielka BrytaniaDhekelia
40%
FrancjaMontserrat
40%
AustraliaNorfolk
40%
FrancjaNowa Kaledonia
40%
HolandiaSaba
40%
Wielka BrytaniaTristan Da Cunha
40%
Wielka BrytaniaTurks I Caicos
40%
NorwegiaWyspa Bouveta
40%
Wielka BrytaniaWyspa Wniebowstąpienia
40%
AustraliaWyspy Kokosowe
40%
AustraliaWyspy Morza Koralowego
40%
NorwegiaZiemia Królowej Maud
40%
USABaker
20%
HolandiaBonaire
20%
FrancjaClipperton
20%
Nowa ZelandiaDependencja Rossa
20%
USAHowland
20%
USAJarvis
20%
USAJohnston
20%
USAPalmyra
20%
HolandiaSint Eustatius
20%
Nowa ZelandiaTokelau
20%
AustraliaWyspy Ashmore I Cartiera
20%
AustraliaWyspy Heard I McDonalda
20%
AustraliaAustralijskie Terytorium Antarktyczne
0%
Wielka BrytaniaBrytyjskie Terytorium Antarktyczne
0%
Wielka BrytaniaGibralrtar
0%
Wielka BrytaniaGurnsey
0%
USAKingman
0%
USANavassa
0%
USAWake
0%
NorwegiaWyspa Piotra Pierwszego
0%

Rozkład punktacji

Percentyl według liczby udzielonych odpowiedzi

Procent ludzi z każdym wynikiem

Twoja historia wyników

Nie rozwiązałeś tego quizu